000 00257 a2200097 4500
245 _aGod Speaks to His Children
_b : Texts from the Bible
_hText
020 _a8471516616
650 _aRELIGION
005 20191017172500.0
260 _aSpain
_bEditorial Verbo Divino
_c1995
084 _aNONE
999 _c8950
_d8950